[Event "World Rapid Women 2018"]
[Site "St Petersburg RUS"]
[Date "2018.12.28"]
[Round "9.1"]
[White "Ju, Wenjun"]
[Black "Lagno, Kateryna"]
[Result "1-0"]
[WhiteTitle "GM"]
[BlackTitle "GM"]
[WhiteElo "2575"]
[BlackElo "2560"]
[WhiteFideId "8603006"]
[BlackFideId "14109336"]
[EventDate "2018.12.26"]

1. d4 d6 2. Nf3 Nf6 3. g3 g6 4. Bg2 Bg7 5. O-O O-O 6. Re1 Nbd7 7. e4 e5 8. Nc3
c6 9. a4 Re8 10. h3 Qc7 11. a5 exd4 12. Nxd4 Nc5 13. Bf4 Nh5 14. Ndb5 Qd7 15.
Bxd6 Ne6 16. Na3 Bd4 17. Nc4 Rd8 18. Qe2 Ng5 19. g4 Qe6 20. Bh2 Ng7 21. Rad1 h5
22. h4 Nh7 23. g5 Qe7 24. e5 Bg4 25. Bf3 Bxf3 26. Qxf3 Nf5 27. Qf4 Bxc3 28. bxc3
Rxd1 29. Rxd1 Rd8 30. Nd6 Qe6 31. Rd3 Nxd6 32. exd6 Nf8 33. Re3 Qd5 34. Qf6 Qd1+
35. Kg2 Qd5+ 36. Kf1 Qc4+ 37. Kg1 Qg4+ 38. Bg3 Rd7 39. Re8 Qd1+ 40. Kh2 1-0

[Event "World Rapid Women 2018"]
[Site "St Petersburg RUS"]
[Date "2018.12.28"]
[Round "9.2"]
[White "Muzychuk, Mariya"]
[Black "Muzychuk, Anna"]
[Result "1/2-1/2"]
[WhiteTitle "GM"]
[BlackTitle "GM"]
[WhiteElo "2540"]
[BlackElo "2569"]
[WhiteFideId "14114550"]
[BlackFideId "14111330"]
[EventDate "2018.12.26"]

1. e4 e6 2. d4 d5 3. e5 c5 4. c3 Nc6 5. Nf3 Bd7 6. Be2 f6 7. O-O fxe5 8. Nxe5
Nxe5 9. dxe5 Qc7 10. c4 Qxe5 11. Re1 O-O-O 12. Nc3 Nf6 13. Bd3 Qd4 14. Be3 Qh4
15. g3 Qh3 16. Bf1 Qf5 17. Bd3 Qh3 18. Bf1 Qf5 19. Bd3 Qh3 20. Bf1 1/2-1/2

[Event "World Rapid Women 2018"]
[Site "St Petersburg RUS"]
[Date "2018.12.28"]
[Round "9.3"]
[White "Abdumalik, Zhansaya"]
[Black "Goryachkina, Aleksandra"]
[Result "0-1"]
[WhiteTitle "IM"]
[BlackTitle "GM"]
[WhiteElo "2470"]
[BlackElo "2518"]
[WhiteFideId "13703544"]
[BlackFideId "4147103"]
[EventDate "2018.12.26"]

1. e4 c6 2. d4 d5 3. exd5 cxd5 4. Nf3 a6 5. Ne5 Nc6 6. Nc3 Nf6 7. Nxc6 bxc6 8.
Na4 Bg4 9. f3 Bf5 10. c3 e6 11. Bf4 Nd7 12. b4 Be7 13. Bd3 Bxd3 14. Qxd3 Nb6 15.
Nb2 a5 16. b5 c5 17. a4 c4 18. Qd2 O-O 19. O-O Bd6 20. Rfe1 Qc7 21. Bxd6 Qxd6
22. Nd1 Rfe8 23. Ne3 f6 24. Qf2 Rad8 25. f4 Qb8 26. Qg3 f5 27. Nf1 Nc8 28. Nd2
Nd6 29. Qe3 Ne4 30. Nf3 Qb6 31. Ne5 Rf8 32. Rf1 Rf6 33. Kh1 h6 34. g4 fxg4 35.
Nxg4 Rf5 36. Rg1 Kh7 37. Ne5 Qd6 38. Ra2 Rg8 39. Rg4 Qf8 40. Ng6 Qf6 41. b6 Rb8
42. Rb2 Rb7 43. Rb5 Rh5 44. Kg2 Qf5 45. Ne5 Nf6 46. Rg3 Qc2+ 47. Kf3 Rxh2 48.
Qe1 Ne4 49. Ng4 Nd2+ 0-1

[Event "World Rapid Women 2018"]
[Site "St Petersburg RUS"]
[Date "2018.12.28"]
[Round "9.4"]
[White "Assaubayeva, Bibisara"]
[Black "Tan, Zhongyi"]
[Result "1/2-1/2"]
[WhiteTitle "FM"]
[BlackTitle "GM"]
[WhiteElo "2372"]
[BlackElo "2508"]
[WhiteFideId "13708694"]
[BlackFideId "8603642"]
[EventDate "2018.12.26"]

1. d4 Nf6 2. c4 e6 3. Nf3 Bb4+ 4. Nbd2 O-O 5. a3 Be7 6. e4 d6 7. Be2 Nbd7 8. Qc2
e5 9. Nb1 exd4 10. Nxd4 Nc5 11. Nc3 a5 12. O-O Re8 13. f3 Bf8 14. Be3 Ne6 15.
Rad1 Nxd4 16. Bxd4 Be6 17. f4 Qe7 18. Bd3 c5 19. Be3 Ng4 20. Bc1 Bd7 21. Nd5 Qd8
22. e5 h5 23. h3 Nh6 24. f5 Rxe5 25. f6 Be6 26. Bxh6 gxh6 27. Bf5 Kh8 28. Bxe6
Rxe6 29. Rde1 Qe8 30. Nc7 Rxe1 31. Nxe8 Raxe8 32. Qd2 Rxf1+ 33. Kxf1 Re6 34.
Qxa5 Rxf6+ 35. Ke2 Rg6 36. Qb6 Rxg2+ 37. Kf3 Rd2 38. Qxb7 Bg7 39. b3 Bd4 40. a4
f5 41. Qc8+ Kg7 42. Qd7+ Kh8 43. Qe8+ Kg7 44. Qxh5 Rf2+ 45. Kg3 f4+ 46. Kg4 f3
47. Kf5 Rf1 48. Qg6+ Kf8 49. Qxd6+ Ke8 50. Qc6+ Kf7 51. Qd5+ Kf8 52. Qd8+ Kf7
53. Qd7+ Kf8 54. Qd6+ Kf7 55. Qe6+ Kf8 56. Qxh6+ Kf7 57. Qg6+ Kf8 58. Qd6+ Kf7
59. Qd5+ Kf8 60. Qd6+ Kf7 1/2-1/2

[Event "World Rapid Women 2018"]
[Site "St Petersburg RUS"]
[Date "2018.12.28"]
[Round "9.5"]
[White "Stefanova, Antoaneta"]
[Black "Khademalsharieh, Sarasadat"]
[Result "0-1"]
[WhiteTitle "GM"]
[BlackTitle "IM"]
[WhiteElo "2486"]
[BlackElo "2470"]
[WhiteFideId "2902257"]
[BlackFideId "12512214"]
[EventDate "2018.12.26"]

1. d4 Nf6 2. Nf3 d5 3. e3 c5 4. Nbd2 Nc6 5. dxc5 e6 6. a3 Bxc5 7. b4 Bb6 8. Bb2
O-O 9. c4 Qe7 10. Bd3 Rd8 11. Qc2 d4 12. exd4 Nxd4 13. Nxd4 Bxd4 14. Bxd4 Rxd4
15. Nf3 Rd8 16. O-O a5 17. c5 Bd7 18. Ne5 Be8 19. Rab1 axb4 20. axb4 Rd4 21.
Rfe1 Qc7 22. Bf1 Rad8 23. Nc4 Bb5 24. Qc3 Bxc4 25. Bxc4 Ne4 26. Qc2 Nd2 27. Ba2
Nxb1 28. Bxb1 g6 29. b5 Rd2 30. Qc1 R2d5 31. h4 Rxc5 32. Qb2 Qf4 33. g3 Rd2 34.
gxf4 Rxb2 35. Bd3 Rb4 0-1

[Event "World Rapid Women 2018"]
[Site "St Petersburg RUS"]
[Date "2018.12.28"]
[Round "9.6"]
[White "Lei, Tingjie"]
[Black "Gunina, Valentina"]
[Result "0-1"]
[WhiteTitle "GM"]
[BlackTitle "GM"]
[WhiteElo "2453"]
[BlackElo "2496"]
[WhiteFideId "8605114"]
[BlackFideId "4167570"]
[EventDate "2018.12.26"]

1. e4 c6 2. d4 d5 3. e5 Bf5 4. Nf3 e6 5. Be2 Nd7 6. O-O h6 7. Nbd2 Ne7 8. Nb3 g5
9. Ne1 Qc7 10. Nd3 b6 11. Be3 Bg7 12. f4 c5 13. dxc5 gxf4 14. Bxf4 bxc5 15. Nd2
c4 16. Nf2 Nxe5 17. Kh1 Qb6 18. Rb1 N7g6 19. Bg3 O-O 20. Ng4 Nxg4 21. Bxg4 Bxg4
22. Qxg4 Qd4 23. Qe2 c3 24. bxc3 Qxc3 25. Rb7 Qxc2 26. Rc7 Qb2 27. Qf2 Bd4 28.
Qe1 Be5 29. Bxe5 Qxe5 30. Qc1 Qg5 31. Qc2 Nh4 32. Nf3 Qg4 33. Nxh4 Qxh4 34. Qc1
Rab8 35. Rxa7 Rb4 36. h3 Rc4 37. Qa3 Rf4 38. Rc1 Kg7 39. Kh2 Rf5 40. Ra4 d4 41.
Rd1 Rd8 42. Qd3 Qf4+ 43. Kh1 e5 44. Qe2 Rc8 45. Ra7 Rc1 46. Rxc1 Qxc1+ 47. Kh2
Qf4+ 48. Kg1 h5 49. Qc4 Qf2+ 50. Kh2 Rg5 51. Qd5 Qg3+ 52. Kg1 Rf5 53. Ra8 Qe3+
54. Kh2 Rf1 55. Ra3 Qxa3 56. Qxe5+ Rf6 57. Qg5+ Rg6 58. Qe5+ Kg8 59. Qe8+ Qf8
60. Qb5 Qd6+ 61. Kh1 d3 62. Qe8+ Kg7 0-1

[Event "World Rapid Women 2018"]
[Site "St Petersburg RUS"]
[Date "2018.12.28"]
[Round "9.8"]
[White "Koneru, Humpy"]
[Black "Nguyen, Thi Mai Hung"]
[Result "1/2-1/2"]
[WhiteTitle "GM"]
[BlackTitle "WGM"]
[WhiteElo "2541"]
[BlackElo "2280"]
[WhiteFideId "5008123"]
[BlackFideId "12401676"]
[EventDate "2018.12.26"]

1. d4 d5 2. c4 c6 3. Nf3 Nf6 4. e3 Bg4 5. h3 Bxf3 6. Qxf3 e6 7. Bd3 Bd6 8. Nc3
Nbd7 9. Bd2 Qe7 10. cxd5 exd5 11. g4 h6 12. O-O-O O-O-O 13. Kb1 Rhe8 14. Qe2 Kb8
15. f3 c5 16. Qf2 c4 17. Bc2 Nb6 18. e4 Bc7 19. e5 Nfd7 20. f4 f6 21. Qg2 fxe5
22. fxe5 Nxe5 23. Rhe1 Qf7 24. Rf1 Qg8 25. dxe5 d4 26. Bg6 Rxe5 27. Bf4 dxc3 28.
Bxe5 Bxe5 29. Qe4 Bf6 30. Qf4+ Ka8 31. Be4 cxb2 32. Qc7 Rb8 33. Rxf6 gxf6 34.
Bxb7+ Rxb7 35. Rd8+ Qxd8 36. Qxd8+ Rb8 37. Qxf6 a5 38. Qc6+ Ka7 39. Kxb2 c3+ 40.
Kc2 Rc8 41. Qe6 Kb7 42. h4 Rc6 43. Qe7+ Ka6 44. Qe4 Rc4 45. Qe2 Kb5 46. g5 hxg5
47. hxg5 Nd5 48. a3 Kc5 49. g6 Kd4 50. Qd3+ Kc5 51. Qf3 Rg4 52. Qf8+ Kc4 53.
Qc8+ Kb5 54. a4+ Kb6 55. Qd8+ Kc6 56. Qe8+ Kd6 57. Qf8+ Ke5 58. Qe8+ Kd4 59.
Qh8+ Kc5 60. g7 Rg2+ 61. Kd3 c2 62. Qc8+ Kd6 63. Ke4 Rxg7 64. Qxc2 Rg4+ 65. Kf3
Rf4+ 66. Kg3 Rb4 67. Qd1 Kc5 68. Qg1+ Kc4 69. Qf1+ Kb3 70. Qd1+ Kc4 71. Qe2+ Kc5
72. Qc2+ Kb6 73. Kf3 Rf4+ 74. Ke2 Rb4 75. Kd2 Rd4+ 76. Kc1 Nb4 77. Qg6+ Kc5 78.
Qg5+ Nd5 79. Qg1 Nb4 80. Kb2 Nc6 81. Kb3 Kd6 82. Qg6+ Kc7 83. Qf7+ Kb6 84. Qf2
Kb7 85. Qf3 Rb4+ 86. Ka3 Kb6 87. Qf6 Kc5 88. Qf5+ Kb6 89. Qe6 Rd4 90. Qb3+ Kc7
91. Qf7+ Kb6 92. Qf2 Kc7 93. Qc2 Rb4 94. Qc5 Kb7 95. Qd5 Kb6 96. Qe6 1/2-1/2

[Event "World Rapid Women 2018"]
[Site "St Petersburg RUS"]
[Date "2018.12.28"]
[Round "9.9"]
[White "Mammadova, Gulnar"]
[Black "Khotenashvili, Bela"]
[Result "1/2-1/2"]
[WhiteTitle "IM"]
[BlackTitle "GM"]
[WhiteElo "2368"]
[BlackElo "2479"]
[WhiteFideId "13403508"]
[BlackFideId "13602640"]
[EventDate "2018.12.26"]

1. e4 c6 2. d4 d5 3. Nc3 dxe4 4. Nxe4 Nf6 5. Ng3 g6 6. Nf3 Bg7 7. Bc4 O-O 8. O-O
Nbd7 9. c3 c5 10. dxc5 Nxc5 11. Qe2 Be6 12. Be3 Bxc4 13. Qxc4 Ne6 14. Rad1 Qc8
15. Qb4 Qc7 16. h3 Rfd8 17. Rxd8+ Rxd8 18. c4 b6 19. b3 Nc5 20. Bd4 a5 21. Qe1 1/2-1/2

[Event "World Rapid Women 2018"]
[Site "St Petersburg RUS"]
[Date "2018.12.28"]
[Round "9.10"]
[White "Saduakassova, Dinara"]
[Black "Zhao, Xue"]
[Result "1-0"]
[WhiteTitle "IM"]
[BlackTitle "GM"]
[WhiteElo "2472"]
[BlackElo "2485"]
[WhiteFideId "13700090"]
[BlackFideId "8601283"]
[EventDate "2018.12.26"]

1. d4 Nf6 2. c4 e6 3. Nc3 Bb4 4. Qc2 O-O 5. Nf3 d6 6. Bd2 Nbd7 7. a3 Bxc3 8.
Bxc3 Qe7 9. e3 e5 10. dxe5 dxe5 11. Be2 a5 12. O-O a4 13. Rad1 b6 14. Rd2 Bb7
15. Rfd1 Rfe8 16. Qf5 Be4 17. Qh3 Nc5 18. Nxe5 Nb3 19. Nd7 Nxd2 20. Nxf6+ gxf6
21. Rxd2 Rad8 22. Qg3+ Bg6 23. Rxd8 Rxd8 24. h4 Qd6 25. f4 Kf8 26. h5 Be4 27.
Kf2 c5 28. h6 Ke7 29. Qg7 Qc6 30. Bh5 Qe6 31. Bxf7 Rd2+ 32. Ke1 Qxf7 33. Kxd2
Ke6 34. Qxf7+ Kxf7 35. g3 Ke6 36. Ke2 f5 37. Be5 Kd7 38. Kd2 Bb1 39. Kc3 Kc6 40.
Bf6 Be4 41. Kd2 Kd7 42. Ke2 Bb1 43. Kf2 Bc2 44. Kg2 Bd3 45. g4 fxg4 46. Kg3 Be2
47. f5 Kd6 48. Kf4 g3 49. Kxg3 Bxc4 50. Kf4 b5 51. Bc3 Bd3 52. e4 Bc2 53. e5+
Ke7 54. Ba5 Kd7 55. e6+ Kd6 56. Bb6 Bb3 57. Bxc5+ Kxc5 1-0

[Event "World Rapid Women 2018"]
[Site "St Petersburg RUS"]
[Date "2018.12.28"]
[Round "9.11"]
[White "Bivol, Alina"]
[Black "Ushenina, Anna"]
[Result "1/2-1/2"]
[WhiteTitle "WGM"]
[BlackTitle "GM"]
[WhiteElo "2393"]
[BlackElo "2440"]
[WhiteFideId "4100123"]
[BlackFideId "14110911"]
[EventDate "2018.12.26"]

1. g3 d5 2. Bg2 e5 3. c4 dxc4 4. Qa4+ c6 5. Qxc4 Be6 6. Qc2 g6 7. Nf3 Bg7 8. d3
h6 9. O-O Ne7 10. Nbd2 O-O 11. Nc4 Nd7 12. Bd2 Qc7 13. Rfd1 Rac8 14. a4 c5 15.
Rac1 Nc6 16. e3 Rfd8 17. Qb1 Nb6 18. b3 Nd5 19. Na3 b6 20. Be1 Qe7 21. Nc4 Kh7
22. h4 Bg4 23. e4 Ndb4 24. Rd2 Be6 25. Rdd1 Rd7 26. Bc3 f6 27. Ne1 Rcd8 28. Ne3
h5 29. Bxb4 Nxb4 30. Rc3 Qf7 31. Bf1 Bh6 32. Be2 Nc6 33. Nc4 Nd4 34. Qb2 Rg8 35.
Nf3 Nc6 36. Kh2 Rgd8 37. Ne1 Rb8 38. Ne3 Nd4 39. Nc4 Qe7 40. Ra1 Qd8 41. Bf1 Nc6
42. a5 b5 43. Ne3 Nxa5 44. b4 Nc6 45. Rxc5 Nd4 46. Nd5 Bf8 47. Rc3 Bxd5 48. exd5
Rxd5 49. Rxa7+ Rd7 50. Rca3 Nc6 51. Rxd7+ Qxd7 52. Nc2 Rd8 53. Bg2 Nd4 54. Ne3
Bg7 55. Nd5 Qe6 56. Qa2 Rc8 57. Ra6 Rc6 58. Rxc6 Qxc6 59. Qa7 Qd6 60. Qf7 Qe6
61. Qxe6 Nxe6 62. f4 exf4 63. Nxf4 Nxf4 64. gxf4 Bf8 65. Bc6 Bxb4 66. Bxb5 Bd6
67. Kg3 g5 68. hxg5 fxg5 69. Be8 Bxf4+ 70. Kh3 Kh6 71. Bd7 Be5 72. Bf5 Kg7 73.
Bd7 Bd4 74. Be8 Kh6 75. Bd7 Bf2 76. Kg2 Bc5 77. Kh3 Bd4 78. Kg3 Bf6 79. Kh3 Kg7
80. Be8 g4+ 81. Kg3 Kh6 82. Kf4 Bg5+ 83. Kf5 Be3 84. Bc6 Kg7 85. Be8 g3 86. Bc6
Kf7 87. Bf3 Ke7 88. Bg2 Kd6 89. Kg6 h4 90. Kh5 Ke5 91. Kxh4 1/2-1/2

[Event "World Rapid Women 2018"]
[Site "St Petersburg RUS"]
[Date "2018.12.28"]
[Round "9.12"]
[White "Arabidze, Meri"]
[Black "Tokhirjonova, Gulrukhbegim"]
[Result "0-1"]
[WhiteTitle "IM"]
[BlackTitle "WGM"]
[WhiteElo "2387"]
[BlackElo "2444"]
[WhiteFideId "13604040"]
[BlackFideId "14203626"]
[EventDate "2018.12.26"]

1. d4 e6 2. c4 b6 3. e4 Bb4+ 4. Bd2 Bxd2+ 5. Qxd2 d5 6. cxd5 exd5 7. e5 Ne7 8.
Ne2 c5 9. Nbc3 Nbc6 10. f4 O-O 11. g3 Be6 12. Bg2 cxd4 13. Nb5 d3 14. Qxd3 Bf5
15. Qd2 f6 16. Nd6 Be6 17. Nd4 Nxd4 18. Qxd4 fxe5 19. fxe5 Qc7 20. Qc3 Qxc3+ 21.
bxc3 Nc6 22. O-O-O Rf2 23. Bxd5 Bxd5 24. Rxd5 Rxa2 25. Re1 Rf8 26. e6 Ra1+ 27.
Kd2 Rf2+ 28. Ke3 Rxe1+ 29. Kxf2 Rxe6 30. Nb5 a5 31. Rd7 Ne5 32. Rc7 Rc6 33. Rb7
h5 34. Nd4 Rf6+ 35. Kg2 Ng4 36. Rb8+ Kh7 37. h3 Ne3+ 38. Kg1 Nd5 39. c4 Ne3 40.
Rc8 Rf1+ 41. Kh2 Rc1 42. Ne6 Rxc4 43. Rb8 Rc2+ 44. Kh1 Rc6 45. Nf8+ Kh6 46. h4
Rd6 47. Re8 Nf5 48. Kg2 a4 49. Ne6 a3 50. Rh8+ Kg6 51. Nf4+ Kf7 52. Ra8 Rd2+ 53.
Kf3 a2 54. Ra7+ Kf6 55. Nxh5+ Ke5 56. Kg4 b5 57. Ra5 Rd4+ 58. Kg5 Ra4 59. Rxb5+
Ke6 60. Rb6+ Nd6 61. Nxg7+ Kd7 0-1

[Event "World Rapid Women 2018"]
[Site "St Petersburg RUS"]
[Date "2018.12.28"]
[Round "9.13"]
[White "Girya, Olga"]
[Black "Zhukova, Natalia"]
[Result "1-0"]
[WhiteTitle "WGM"]
[BlackTitle "GM"]
[WhiteElo "2454"]
[BlackElo "2377"]
[WhiteFideId "4195752"]
[BlackFideId "14101513"]
[EventDate "2018.12.26"]

1. d4 Nf6 2. Nf3 e6 3. c4 d5 4. Nc3 dxc4 5. Bg5 a6 6. a4 c6 7. a5 Nbd7 8. e3 b5
9. axb6 Nxb6 10. Ne5 Bb4 11. Nxc6 Bxc3+ 12. bxc3 Qd5 13. Bxf6 gxf6 14. Nb4 Qd7
15. Ra5 Bb7 16. Be2 Bxg2 17. Rg1 Bb7 18. Bh5 Nc8 19. Qg4 Nd6 20. Qf4 Ne4 21. Rg7
Rf8 22. Rxh7 e5 23. Qh4 Ng5 24. Rg7 Qf5 25. Rxg5 fxg5 26. Qg3 Qb1+ 27. Kd2 Qb2+
28. Nc2 O-O-O 29. Qxe5 Qb6 30. Rc5+ Qxc5 31. Qxc5+ Kb8 32. Qb6 Ka8 33. Nb4 Rh8
34. Nc6 Bxc6 35. Qxc6+ Kb8 36. Bf3 1-0

[Event "World Rapid Women 2018"]
[Site "St Petersburg RUS"]
[Date "2018.12.28"]
[Round "9.14"]
[White "Nakhbayeva, Guliskhan"]
[Black "Cramling, Pia"]
[Result "0-1"]
[WhiteTitle "IM"]
[BlackTitle "GM"]
[WhiteElo "2371"]
[BlackElo "2465"]
[WhiteFideId "13704788"]
[BlackFideId "1700030"]
[EventDate "2018.12.26"]

1. d4 Nf6 2. c4 e6 3. Nc3 Bb4 4. e3 b6 5. Ne2 Ne4 6. Qc2 Bb7 7. a3 Bxc3+ 8. bxc3
f5 9. f3 Qh4+ 10. g3 Qe7 11. Bg2 Ng5 12. O-O O-O 13. a4 d6 14. a5 Na6 15. Nf4
Rab8 16. Bd2 c6 17. axb6 axb6 18. Rab1 e5 19. Ne2 Bc8 20. Rbe1 Be6 21. Qa4 Qb7
22. e4 Nf7 23. Bh3 b5 24. cxb5 cxb5 25. Qc2 Nc7 26. Bxf5 Bxf5 27. exf5 Ra8 28.
g4 Qd5 29. Ng3 Ra2 30. Qd3 Qc4 31. Qxc4 bxc4 32. Rf2 Nd5 33. Ne4 Rc2 34. Be3
Rxf2 35. Bxf2 Rb8 36. Rd1 Nf4 37. Kf1 Rb2 38. Bg3 Nd3 39. dxe5 dxe5 40. Nd2 Rc2
41. Nxc4 Rxc3 42. Rb1 h6 43. Rb8+ Kh7 44. Nd2 Ng5 45. h4 Nh3 46. Re8 Rc1+ 47.
Ke2 Nhf4+ 48. Ke3 Rc3 49. Bxf4 Nxf4+ 50. Ke4 Rc2 51. Rd8 Ng2 52. h5 Ne1 53. Rd5
Kg8 54. f6 gxf6 55. Kf5 Rc6 56. Rd8+ Kf7 57. Rd7+ Ke8 58. Rh7 Ng2 59. Rxh6 Nh4+
60. Ke4 f5+ 61. Kxe5 Rxh6 62. g5 Rxh5 63. f4 Kf7 64. Nc4 Kg6 65. Nd6 Nf3+ 66.
Ke6 Rh1 0-1

[Event "World Rapid Women 2018"]
[Site "St Petersburg RUS"]
[Date "2018.12.28"]
[Round "9.15"]
[White "Batsiashvili, Nino"]
[Black "Romanovskaya, Anna"]
[Result "0-1"]
[WhiteTitle "GM"]
[BlackTitle "WFM"]
[WhiteElo "2459"]
[BlackElo "2210"]
[WhiteFideId "13602993"]
[BlackFideId "4164725"]
[EventDate "2018.12.26"]

1. Nf3 g6 2. d4 Bg7 3. c4 d6 4. Nc3 e5 5. g3 Nd7 6. Bg2 Ne7 7. O-O O-O 8. e4
exd4 9. Nxd4 Nc6 10. Nde2 Nde5 11. b3 f5 12. f4 Ng4 13. h3 Nf6 14. exf5 Bxf5 15.
g4 Be6 16. Be3 Qd7 17. Qd2 Rae8 18. Bf2 Kh8 19. Rad1 Qf7 20. Nd4 Bd7 21. Nf3 h5
22. g5 Ng8 23. Nh4 Nge7 24. Nd5 Nxd5 25. Bxd5 Be6 26. Bg2 Ne7 27. Rde1 Nf5 28.
Nf3 Kh7 29. c5 b6 30. cxd6 Nxd6 31. Nd4 Bd5 32. Rxe8 Rxe8 33. Bxd5 Qxd5 34. Rd1
Ne4 35. Qe3 Nxf2 36. Qxe8 Nxd1 37. Ne6 Ne3 38. Kf2 Nf5 39. Qf7 Qd2+ 40. Kf3 Nd4+
41. Nxd4 Qxd4 42. Qxc7 a5 43. Qf7 Qd3+ 44. Kg2 Qf5 45. Qc7 Qc5 46. Qf7 b5 47.
Kf3 a4 48. bxa4 bxa4 49. Kg2 Qf5 50. Qc4 a3 51. Kg3 Bf8 52. Qc7+ Kg8 53. Qc4+
Qf7 54. Qc2 Bd6 55. Qd2 Qe6 56. Qd3 Kf7 57. Qc3 Qf5 58. Qb3+ Ke7 59. Qe3+ Kd7
60. Qd4 h4+ 61. Kxh4 Qxf4+ 62. Qxf4 Bxf4 63. Kg4 Be5 64. h4 Ke6 65. h5 gxh5+ 66.
Kxh5 Kd5 67. Kg6 Kc4 68. Kf5 Bb2 69. Ke4 Kc3 70. Kd5 Kc2 71. Kc4 Bg7 72. g6 Kb2
73. Kd3 Kxa2 74. Kc2 Bf6 0-1

[Event "World Rapid Women 2018"]
[Site "St Petersburg RUS"]
[Date "2018.12.28"]
[Round "9.16"]
[White "Ambartsumova, Karina"]
[Black "Paramzina, Anastasya"]
[Result "0-1"]
[WhiteTitle "WGM"]
[BlackTitle "WGM"]
[WhiteElo "2383"]
[BlackElo "2229"]
[WhiteFideId "4166299"]
[BlackFideId "4165012"]
[EventDate "2018.12.26"]

1. Nf3 Nf6 2. c4 g6 3. Nc3 Bg7 4. e4 d6 5. d4 O-O 6. Be2 e5 7. d5 a5 8. Bg5 h6
9. Bh4 g5 10. Bg3 Nh5 11. Nd2 Nf4 12. O-O Na6 13. a3 Nc5 14. f3 Ncd3 15. Bxd3
Nxd3 16. Qc2 Nf4 17. b4 g4 18. c5 h5 19. Bf2 Qg5 20. g3 Nh3+ 21. Kh1 Nxf2+ 22.
Rxf2 axb4 23. Nb5 Qe3 24. Nf1 Qxc5 25. Qxc5 dxc5 26. Nxc7 Rxa3 27. Rxa3 bxa3 28.
Ra2 gxf3 29. Rxa3 f5 30. Rxf3 fxe4 31. Rxf8+ Kxf8 32. Kg2 Ke7 33. Ne3 Bd7 34.
Nc4 b5 35. d6+ Kd8 36. Na3 b4 37. Nc4 Bf8 38. Nd5 Be6 39. Nde3 Kd7 40. Nxe5+
Kxd6 41. N5c4+ Bxc4 42. Nxc4+ Kd5 43. Nb6+ Kd4 44. Kf2 Kd3 45. h3 b3 46. Na4 c4
47. Nb2+ Kc3 48. Nd1+ Kd2 49. Nb2 c3 50. Nc4+ Kd3 51. Ne5+ Kd4 0-1

[Event "World Rapid Women 2018"]
[Site "St Petersburg RUS"]
[Date "2018.12.28"]
[Round "9.17"]
[White "Ovod, Evgenija"]
[Black "Voit, Daria"]
[Result "0-1"]
[WhiteTitle "IM"]
[BlackTitle "FM"]
[WhiteElo "2367"]
[BlackElo "2358"]
[WhiteFideId "4131827"]
[BlackFideId "4182146"]
[EventDate "2018.12.26"]

1. e4 c5 2. Nf3 g6 3. c3 Bg7 4. d4 cxd4 5. cxd4 d5 6. e5 Bg4 7. Nc3 Nc6 8. Be2
a6 9. O-O e6 10. Be3 Nge7 11. Nd2 Bxe2 12. Qxe2 O-O 13. Nb3 b6 14. Na4 Qc7 15.
Rac1 Qb7 16. Rc3 Rfc8 17. Rfc1 Na7 18. Bg5 Rxc3 19. Rxc3 Nb5 20. Rd3 Re8 21. g4
h6 22. Bd2 g5 23. h4 gxh4 24. f4 Qc6 25. Nc3 Qc4 26. Nxb5 axb5 27. Kf2 h5 28.
gxh5 Nf5 29. Rc3 Qa4 30. Qg4 Kh7 31. Rc7 Qxa2 32. Rxf7 Qxb3 33. Qg6+ Kh8 34. Bc3
Qc2+ 35. Ke1 Qc1+ 36. Ke2 Qxf4 37. Rxf5 Qxf5 38. Qxe8+ Kh7 39. Bd2 h3 40. Qe7
Qxh5+ 41. Kd3 h2 0-1

[Event "World Rapid Women 2018"]
[Site "St Petersburg RUS"]
[Date "2018.12.28"]
[Round "9.18"]
[White "Gaponenko, Inna"]
[Black "Komiagina, Maria"]
[Result "1-0"]
[WhiteTitle "IM"]
[BlackTitle "WIM"]
[WhiteElo "2420"]
[BlackElo "2234"]
[WhiteFideId "14101181"]
[BlackFideId "4153987"]
[EventDate "2018.12.26"]

1. e4 c5 2. Nf3 Nc6 3. d4 cxd4 4. Nxd4 Nf6 5. Nc3 d6 6. Bg5 e6 7. Qd2 a6 8.
O-O-O h6 9. Nxc6 bxc6 10. Bf4 d5 11. Qe3 Bb4 12. Be2 O-O 13. e5 Nh7 14. Ne4 Be7
15. Kb1 Rb8 16. h4 Qb6 17. Qxb6 Rxb6 18. Be3 Rb4 19. Nc5 Rxh4 20. Rxh4 Bxh4 21.
Nxa6 Bxa6 22. Bxa6 Be7 23. c4 f6 24. Bb7 fxe5 25. Bxc6 d4 26. Bd2 Rxf2 27. a4
Nf6 28. a5 e4 29. b4 Rxd2 30. Rxd2 Bxb4 31. a6 Bc5 32. Ra2 Ba7 33. Kc2 e5 34.
Rb2 e3 35. Rb7 Bc5 36. a7 Bxa7 37. Rxa7 e4 38. Bd5+ Kh7 39. Re7 d3+ 40. Kc3 d2
41. Kc2 Ng4 42. Bxe4+ Kg8 43. Bf3 1-0

[Event "World Rapid Women 2018"]
[Site "St Petersburg RUS"]
[Date "2018.12.28"]
[Round "9.19"]
[White "Dzagnidze, Nana"]
[Black "Vasilevich, Irina"]
[Result "1-0"]
[WhiteTitle "GM"]
[BlackTitle "IM"]
[WhiteElo "2513"]
[BlackElo "2258"]
[WhiteFideId "13601903"]
[BlackFideId "4141296"]
[EventDate "2018.12.26"]

1. c4 e5 2. Nc3 Bb4 3. Qc2 Nc6 4. Nf3 Bxc3 5. Qxc3 d6 6. g3 f5 7. Bg2 Nf6 8. d3
O-O 9. O-O Qe8 10. b4 Qh5 11. b5 Nd8 12. c5 Nf7 13. cxd6 cxd6 14. Qc4 Bd7 15. a4
Rae8 16. Ba3 Kh8 17. Qh4 Qg6 18. Rac1 f4 19. gxf4 exf4 20. Qxf4 Rxe2 21. Qg3
Qxd3 22. Ng5 Qxg3 23. Nxf7+ Rxf7 24. fxg3 h5 25. Bxd6 Bg4 26. h3 Rd7 27. Bf4 Be6
28. Rfe1 Rxe1+ 29. Rxe1 Bd5 30. Bf1 b6 31. Rc1 Bb3 32. Rc8+ Kh7 33. Rc3 Bxa4 34.
Bd3+ g6 35. Be5 Ng8 36. Kf2 Re7 37. Bd4 Rd7 38. Ke3 Re7+ 39. Kf4 Rf7+ 40. Kg5
Ne7 41. Rc7 Bxb5 42. Bxg6+ Nxg6 43. Rxf7+ 1-0

[Event "World Rapid Women 2018"]
[Site "St Petersburg RUS"]
[Date "2018.12.28"]
[Round "9.20"]
[White "Styazhkina, Anna"]
[Black "Harika, Dronavalli"]
[Result "0-1"]
[WhiteTitle "WIM"]
[BlackTitle "GM"]
[WhiteElo "2274"]
[BlackElo "2494"]
[WhiteFideId "24119300"]
[BlackFideId "5015197"]
[EventDate "2018.12.26"]

1. e4 e6 2. d4 d5 3. Nd2 c5 4. Ngf3 cxd4 5. Bb5+ Bd7 6. Nxd4 Bxb5 7. Nxb5 a6 8.
Nd4 Nf6 9. e5 Nfd7 10. f4 Nc6 11. N2f3 Rc8 12. c3 g6 13. Be3 Nc5 14. O-O Be7 15.
Qe2 b5 16. Rad1 Qc7 17. Kh1 h5 18. Bf2 Ne4 19. Bh4 Bxh4 20. Nxh4 Ne7 21. Nhf3
Qc4 22. Qc2 h4 23. Nd2 Qxd4 24. Nf3 Ng3+ 0-1

[Event "World Rapid Women 2018"]
[Site "St Petersburg RUS"]
[Date "2018.12.28"]
[Round "9.21"]
[White "Sviridova, Vlada"]
[Black "Bodnaruk, Anastasia"]
[Result "0-1"]
[WhiteTitle "WFM"]
[BlackTitle "IM"]
[WhiteElo "2144"]
[BlackElo "2420"]
[WhiteFideId "24109606"]
[BlackFideId "4181751"]
[EventDate "2018.12.26"]

1. d4 Nf6 2. c4 g6 3. Nc3 Bg7 4. e4 d6 5. Nf3 O-O 6. Be2 e5 7. O-O Nc6 8. d5 Ne7
9. b4 a5 10. Ba3 axb4 11. Bxb4 b6 12. a4 Re8 13. a5 c5 14. dxc6 Nxc6 15. Bxd6
Rxa5 16. Rxa5 bxa5 17. c5 Bg4 18. Qc1 Nd4 19. Qe3 Qa8 20. Rd1 Nxe2+ 21. Qxe2 a4
22. Qb5 Bd7 23. Qb4 Bc6 24. Re1 Nd7 25. Nd2 Bf8 26. Nc4 Qa7 27. Na5 Rc8 28. Nxc6
Rxc6 29. Nb5 Qb7 30. Bxf8 Kxf8 31. Rc1 a3 32. Qc4 Rxc5 33. Qd3 Rxc1+ 0-1